| 000 | 01815nam a2200241Ia 4500 | ||
|---|---|---|---|
| 999 |
_c30727 _d30727 |
||
| 003 | CO-CtgCURN | ||
| 005 | 20250409212017.0 | ||
| 008 | 220303s9999 xx 000 0 und d | ||
| 020 | _a9789587678437 | ||
| 040 |
_aCO-CtgCURN _bspa _ccoctgcurn |
||
| 082 |
_a344.01 _bV145 |
||
| 100 |
_aValdés Sánchez, Germán _eautor _98433 |
||
| 245 | 0 |
_aDerecho laboral individual / _cGermán Valdés Sánchez |
|
| 260 |
_aBogotá, Colombia : _bLegis, _c2019 |
||
| 300 |
_a416 páginas ; _c23 centímetros |
||
| 500 | _aIncluye índice | ||
| 505 | _aCap.1. La importancia del derecho del trabajo -- Cap.2. Desarrollo histórico -- Cap.3. El derecho laboral en la constitución política -- Cap.4. La organización internacional del trabajo -- Cap.5. Líneas de pensamiento en lo laboral -- Cap.6. Principios del derecho laboral en el código sustantivo del trabajo -- Cap.7. El contrato individual del trabajo -- Cap.8. Participación en las utilidades de la empresa -- Cap.9. El empleador -- Cap.10. La llamada tercerización -- Cap.11. Modalidades del contrato de trabajo -- Cap.12. La figura de la revisión -- Cap.13. La suspensión del contrato de trabajo -- Cap.14. Terminación del contrato de trabajo -- Cap.15. La sanción moratoria y la indexación -- Cap.16. Contrato con determinados trabajadores -- Cap.17. Reglamento interno de trabajo -- Cap.18. Salarios -- Cap.19. La jornada de trabajo -- Cap.20. Régimen de descansos -- Cap.21. Trabajo dominical y festivo -- Cap.22. Protección a la maternidad -- Cap.23. Protección a los discapacitados -- Cap.24. Prescripción . | ||
| 521 | _aAREA PROFESIONAL | ||
| 590 | _aPrograma de Derecho_18 | ||
| 650 |
_aDerecho laboral _zColombia _98434 |
||
| 942 |
_cBK _h344.01 _iV145 _2ddc |
||